000 nam a22 7a 4500
999 _c16040
_d16040
008 161108b xxu||||| |||| 00| 0 eng d
020 _a9780262014793
050 _aNA 2500 .A715 2010
100 _d2010
245 _aArchitecture at the edge.
260 _aNY:
_bWorkbook,
_c2010.
300 _a201p.:ill.
942 _2lcc
_cBOOKS
_hNA 2500 .A715 2010